[Event "4NCL Division 1c"]
[Site "Puma Hotel, Hinckley Island E"]
[Date "2013.05.04"]
[Round "9.138"]
[White "Lauterbach, Ingrid"]
[Black "Conquest, Stuart C"]
[Result "1/2-1/2"]
[WhiteElo "2114"]
[BlackElo "2491"]
[PlyCount "83"]
[EventDate "2013.03.24"]
[Source "J.Saunders"]
[SourceDate "1998.06.06"]

1. e4 c5 2. Nf3 d6 3. Bb5+ Nd7 4. c3 Ngf6 5. Qe2 a6 6. Ba4 Qc7 7. O-O c4 8. e5
dxe5 9. Qxe5 Qxe5 10. Nxe5 b5 11. Nxd7 Kxd7 12. Bc2 e6 13. b3 cxb3 14. axb3 Bb7
15. d4 Rc8 16. Bb2 Bd6 17. Nd2 Bb4 18. Nb1 Rhd8 19. Bd3 Bd6 20. c4 bxc4 21.
bxc4 Ke7 22. Nd2 Rb8 23. Bc3 Bf4 24. Rfd1 Rdc8 25. c5 Nd5 26. Ba5 Bxd2 27. Bxd2
Ra8 28. Rdb1 Rcb8 29. f3 h6 30. Be1 Bc8 31. Bg3 Rxb1+ 32. Rxb1 Kd7 33. Kf2 g5
34. Bd6 Nc7 35. Be4 Nd5 36. Bc2 Nc3 37. Rb3 Nd5 38. Rb2 Nc3 39. Rb3 Nd5 40. Rb2
Nc3 41. Ke3 Nb5 42. Ke4 1/2-1/2

[Event "4NCL Division 1d"]
[Site "Puma Hotel, Hinckley Island E"]
[Date "2013.05.06"]
[Round "11.161"]
[White "Sowray, Peter J"]
[Black "Cobb, James E"]
[Result "0-1"]
[WhiteElo "2368"]
[BlackElo "2427"]
[PlyCount "122"]
[EventDate "2013.03.24"]
[Source "J.Saunders"]
[SourceDate "1998.06.06"]

1. d4 Nf6 2. c4 e6 3. Nc3 Bb4 4. e3 O-O 5. Nge2 d5 6. a3 Be7 7. cxd5 exd5 8.
Nf4 c6 9. Bd3 a5 10. O-O Na6 11. Bc2 Nc7 12. f3 c5 13. Qe1 Ne6 14. Nxe6 Bxe6
15. Qf2 Rc8 16. Bd2 Ne8 17. Rac1 cxd4 18. exd4 Bh4 19. g3 Bf6 20. Bf4 Nd6 21.
Be5 Nc4 22. Bxf6 Qxf6 23. Bb3 Rfd8 24. Rfe1 h5 25. Bxc4 Rxc4 26. Re5 b5 27.
Rce1 b4 28. axb4 axb4 29. Nd1 Rdc8 30. Ne3 Rxd4 31. Ng2 Rdc4 32. Nf4 Rc1 33.
R5e2 h4 34. Qf1 Qd4+ 35. Kg2 R1c2 36. b3 Qb2 37. gxh4 Qxb3 38. Kg3 Rxe2 39.
Qxe2 d4 40. Qe5 Rc6 41. Nh5 Kf8 42. Qxg7+ Ke7 43. Qf6+ Kd7 44. Qxd4+ Kc8 45.
Ra1 Bd5 46. Ra8+ Kc7 47. Qf4+ Kb6 48. Qd4+ Rc5 49. Qf6+ Bc6 50. Qd8+ Kb5 51.
Qb8+ Kc4 52. Qf4+ Kc3 53. Rd8 Kb2 54. Rd2+ Ka3 55. Qf6 Qxf3+ 56. Qxf3+ Bxf3 57.
Nf4 Be4 58. Ne2 b3 59. Kf4 Bh7 60. Rd7 b2 61. Rxf7 Bd3 0-1

[Event "4NCL Division 1d"]
[Site "Puma Hotel, Hinckley Island E"]
[Date "2013.05.06"]
[Round "11.167"]
[White "Mansson, James C"]
[Black "James, David J"]
[Result "0-1"]
[WhiteElo "2123"]
[BlackElo "2147"]
[PlyCount "80"]
[EventDate "2013.03.24"]
[Source "J.Saunders"]
[SourceDate "1998.06.06"]

1. d4 Nf6 2. c4 e6 3. Nc3 Bb4 4. e3 O-O 5. Nge2 d5 6. a3 Be7 7. cxd5 exd5 8.
Nf4 c6 9. Bd3 a5 10. O-O Na6 11. Bc2 Nc7 12. h3 Re8 13. Rb1 Bd6 14. Qf3 Ne6 15.
Nxe6 Bxe6 16. b4 axb4 17. axb4 Bc7 18. Qd1 Qd7 19. f4 Bf5 20. Bxf5 Qxf5 21. g4
Qd7 22. Qf3 b5 23. Bd2 Bd6 24. g5 Ne4 25. Nxe4 Rxe4 26. Ra1 Ree8 27. f5 Bc7 28.
Rxa8 Rxa8 29. e4 dxe4 30. Qxe4 Re8 31. Qd3 Qd5 32. Re1 Rxe1+ 33. Bxe1 g6 34.
Qe3 Qxf5 35. Qe8+ Kg7 36. Qxc6 Qxg5+ 37. Kf1 Qf6+ 38. Qxf6+ Kxf6 39. d5 Bd6 40.
Bc3+ Kf5 0-1

[Event "4NCL Division 2c"]
[Site "Puma Hotel, Hinckley Island E"]
[Date "2013.05.04"]
[Round "9.11"]
[White "Gayson, Peter M"]
[Black "Zakarian, David"]
[Result "0-1"]
[WhiteElo "2215"]
[BlackElo "2374"]
[PlyCount "148"]
[EventDate "2013.03.24"]
[Source "J.Saunders"]
[SourceDate "1998.06.06"]

1. e4 c5 2. Nf3 Nc6 3. d4 cxd4 4. Nxd4 e5 5. Nb5 d6 6. c4 Be7 7. N1c3 a6 8. Na3
Be6 9. Nc2 Rc8 10. Be3 Nf6 11. Bd3 O-O 12. O-O Ng4 13. b3 Bg5 14. Nd5 Bxe3 15.
Ncxe3 Qh4 16. Nxg4 Bxg4 17. Be2 Be6 18. f4 exf4 19. Nxf4 Qe7 20. Qd2 Rcd8 21.
Rad1 Ne5 22. h3 Rfe8 23. Qc3 Bd7 24. Nd5 Qg5 25. Nc7 Rf8 26. Qd2 Qg3 27. Qf4
Qxf4 28. Rxf4 Bc6 29. Nd5 Rfe8 30. Rf2 f6 31. Bf3 Nf7 32. Rfd2 Re5 33. Nb4 Bxe4
34. Bxe4 Rxe4 35. Rd4 Rde8 36. Rxe4 Rxe4 37. Kf2 Kf8 38. Nd5 h5 39. Nc3 Re5 40.
g3 Ke7 41. Nd5+ Kd7 42. Nf4 Kc6 43. Rd5 h4 44. gxh4 Re4 45. Kf3 Re1 46. Kf2 Re7
47. Ng6 Re8 48. Rh5 Ne5 49. Nf4 b5 50. cxb5+ axb5 51. Rh7 g5 52. hxg5 fxg5 53.
Ne2 b4 54. Rg7 Rf8+ 55. Ke3 Re8 56. Kf2 Nd3+ 57. Kf3 Re5 58. Rg8 Kd5 59. Ra8
Ne1+ 60. Kf2 Nd3+ 61. Kf3 Ne1+ 62. Kf2 Ke4 63. Ng3+ Kd4 64. Ne2+ Kd3 65. Ng3
Nc2 66. Rf8 Nd4 67. Rb8 Nc6 68. Ra8 Rc5 69. a3 Rc2+ 70. Kf1 d5 71. axb4 Nxb4
72. Rg8 Ke3 73. Nf5+ Kf4 74. Nd4 Rd2 0-1

[Event "4NCL Division 2d"]
[Site "Puma Hotel, Hinckley Island E"]
[Date "2013.05.04"]
[Round "9.65"]
[White "Trevelyan, John"]
[Black "Sayers, Ray"]
[Result "0-1"]
[WhiteElo "2129"]
[BlackElo "2126"]
[PlyCount "114"]
[EventDate "2013.03.24"]
[Source "J.Saunders"]
[SourceDate "1998.06.06"]

1. e4 g6 2. d4 Bg7 3. c4 d6 4. Nc3 Nc6 5. Be3 e5 6. dxe5 dxe5 7. Qxd8+ Nxd8 8.
Nb5 Ne6 9. Nxa7 Bd7 10. Nb5 Nf6 11. f3 Bf8 12. Ne2 c6 13. Nbc3 Bc5 14. Bxc5
Nxc5 15. Nc1 Ke7 16. Nd3 Nxd3+ 17. Bxd3 Be6 18. O-O-O Nd7 19. b3 Nc5 20. Bc2
Bd7 21. Kb2 Ne6 22. Ne2 Ra7 23. Rd2 Rha8 24. Bb1 b6 25. Rhd1 Be8 26. Nc3 Nc5
27. Bd3 Ne6 28. Bf1 Nd4 29. Ra1 Ne6 30. Na4 Rb8 31. Nc3 Rba8 32. a4 Nc5 33. Be2
f6 34. Bd1 Bf7 35. b4 Ne6 36. Ne2 c5 37. b5 Nd4 38. Bb3 Nxe2 39. Rxe2 Rd7 40.
Kc3 Ra5 41. Rd2 Rd4 42. Rxd4 exd4+ 43. Kd3 Kd6 44. f4 Ra8 45. Re1 Re8 46. Bd1
Re7 47. Bg4 g5 48. g3 Bg6 49. Bc8 Kc7 50. Bg4 gxf4 51. gxf4 f5 52. Bf3 fxe4+
53. Kd2 e3+ 54. Kd1 Bf7 55. Bd5 Bxd5 56. cxd5 c4 57. Rg1 c3 0-1

[Event "4NCL Division 3"]
[Site "Puma Hotel, Hinckley Island E"]
[Date "2013.05.04"]
[Round "9.55"]
[White "Cenal Gutierrez, Ruben"]
[Black "Hill, Alistair"]
[Result "1-0"]
[WhiteElo "2233"]
[BlackElo "2132"]
[PlyCount "82"]
[EventDate "2013.03.23"]
[Source "J.Saunders"]
[SourceDate "1998.06.06"]

1. d4 Nf6 2. Nf3 g6 3. Bf4 Bg7 4. h3 O-O 5. e3 d6 6. Be2 c5 7. c3 Be6 8. dxc5
dxc5 9. Qxd8 Rxd8 10. Nbd2 Nc6 11. Ng5 Bd7 12. O-O-O Rac8 13. Nde4 e5 14. Bg3
h6 15. Nxf6+ Bxf6 16. Ne4 Be7 17. c4 Be6 18. b3 Kf8 19. Nc3 Bf6 20. Bf3 Ke7 21.
Rxd8 Nxd8 22. Rd1 b6 23. Bd5 Bg7 24. Nb5 a6 25. Nc3 Bd7 26. f3 f5 27. e4 f4 28.
Bf2 b5 29. Kc2 b4 30. Ne2 Rc7 31. Nc1 Bf8 32. Nd3 Kf6 33. a3 Ne6 34. axb4 cxb4
35. Ra1 Bc8 36. Bxe6 Kxe6 37. Ra5 Be7 38. Rxe5+ Kf7 39. Ra5 Kg7 40. Nxf4 g5 41.
Be3 Rd7 1-0

[Event "4NCL Division 3"]
[Site "Puma Hotel, Hinckley Island E"]
[Date "2013.05.04"]
[Round "9.56"]
[White "McClement, Andrew"]
[Black "Mackle, Dominic"]
[Result "1-0"]
[WhiteElo "2128"]
[BlackElo "2230"]
[PlyCount "119"]
[EventDate "2013.03.23"]
[Source "J.Saunders"]
[SourceDate "1998.06.06"]

1. Nf3 d5 2. c4 c6 3. g3 Bg4 4. Bg2 Nd7 5. cxd5 cxd5 6. Qb3 Qc8 7. Nc3 e6 8. d3
a6 9. Bf4 Ne7 10. h3 Bxf3 11. Bxf3 Nc6 12. Bg2 Be7 13. O-O O-O 14. Bd2 Nc5 15.
Qd1 Qd8 16. a3 a5 17. a4 Nd4 18. Be3 Nf5 19. Bf4 Bd6 20. Bxd6 Nxd6 21. d4 Nce4
22. Bxe4 Nxe4 23. Qd3 f5 24. Rfc1 Qg5 25. Rc2 h5 26. h4 Qg4 27. Nxe4 dxe4 28.
Qe3 Rad8 29. Kg2 f4 30. Qxe4 Rxd4 31. Qe5 fxg3 32. f3 Qg6 33. e4 Rd3 34. Rf1
Qh6 35. Kxg3 Rf6 36. Rc8+ Kh7 37. Rc7 Rg6+ 38. Kh3 Rd2 39. Rxb7 Rdg2 40. Rb5
Qe3 41. Qxh5+ Kg8 42. Rb8+ Kf7 43. Qe5 Qa7 44. Rc8 R6g3+ 45. Qxg3 Rxg3+ 46.
Kxg3 Qb7 47. Rfc1 Qxb2 48. R1c7+ Kf6 49. Rf8+ Ke5 50. Rxg7 Kd4 51. h5 Ke3 52.
h6 Qe5+ 53. Kh4 Qh2+ 54. Kg5 Qg3+ 55. Kh5 Qd6 56. Rf6 Kd4 57. h7 Qh2+ 58. Kg6
Qg3+ 59. Kf7 Qc7+ 60. Kg8 1-0

[Event "4NCL Division 3"]
[Site "Puma Hotel, Hinckley Island E"]
[Date "2013.05.04"]
[Round "9.57"]
[White "Ociepka, Adrian"]
[Black "Lee, Richard WY"]
[Result "1-0"]
[WhiteElo "2146"]
[BlackElo "2116"]
[PlyCount "211"]
[EventDate "2013.03.23"]
[Source "J.Saunders"]
[SourceDate "1998.06.06"]

1. d4 d5 2. c4 c6 3. Nf3 Nf6 4. Nc3 dxc4 5. a4 Bf5 6. e3 e6 7. Bxc4 Bb4 8. O-O
Nbd7 9. Qe2 Bg6 10. Rd1 Qc7 11. Bd2 O-O 12. Rac1 Rfe8 13. Be1 Rad8 14. Nh4 Nb6
15. Bb3 e5 16. Nxg6 hxg6 17. Nb5 Qe7 18. dxe5 Nfd5 19. Nd6 Bxd6 20. exd6 Qxd6
21. Qf3 Qe5 22. Bc3 Qf5 23. Qxf5 gxf5 24. Bd4 a6 25. h4 Rd7 26. a5 Na8 27. Bc2
g6 28. g3 Nac7 29. Bc5 Nb5 30. Kg2 Red8 31. h5 Nd6 32. hxg6 fxg6 33. Bb3 Ne4
34. Bd4 Kf7 35. Rh1 Nef6 36. Rh4 Nh5 37. f3 Ke7 38. Bc5+ Kf6 39. e4 Ne7 40. Bb4
fxe4 41. Bc3+ Kf5 42. Kh3 exf3 43. g4+ Kg5 44. gxh5 f2 45. Rg4+ Kxh5 46. Rf4
Rd3+ 47. Kg2 Nd5 48. Bxd5 R8xd5 49. Kxf2 Kg5 50. Rb4 Rd7 51. Rg1+ Kf5 52. Rbg4
Ke6 53. Ke2 R3d5 54. Rxg6+ Ke7 55. Rg7+ Kd8 56. Ke3 Rb5 57. Rg8+ Kc7 58. Re8 b6
59. Ra8 Kb7 60. Rgg8 bxa5 61. Rgb8+ Kc7 62. Rc8+ Kb6 63. Bd4+ c5 64. Rcb8+ Rb7
65. Bc3 a4 66. Kd3 a3 67. bxa3 Rxb8 68. Rxb8+ Kc6 69. Rh8 Rb1 70. Kc4 Rc1 71.
Rh6+ Kb7 72. a4 Rc2 73. a5 Rc1 74. Rb6+ Ka7 75. Kd3 Rh1 76. Be5 Rh5 77. Bc3 Rh4
78. Rc6 Rh5 79. Rc7+ Kb8 80. Rg7 Rf5 81. Kc4 Rh5 82. Bd2 Ka8 83. Be3 Rh2 84.
Bxc5 Ra2 85. Bb6 Rh2 86. Kd5 Rh5+ 87. Kc6 Rh6+ 88. Kd5 Rh5+ 89. Ke4 Rh4+ 90.
Kf5 Rh5+ 91. Kg6 Rh2 92. Ra7+ Kb8 93. Rxa6 Rg2+ 94. Kf5 Rh2 95. Ra7 Rh5+ 96.
Ke4 Rh4+ 97. Kd3 Rh3+ 98. Kc2 Rh2+ 99. Kc3 Rh3+ 100. Kc4 Rh5 101. Rg7 Rh4+ 102.
Kb5 Rh5+ 103. Ka6 Rh8 104. Rb7+ Ka8 105. Rf7 Kb8 106. Kb5 1-0

[Event "4NCL Division 3"]
[Site "Puma Hotel, Hinckley Island E"]
[Date "2013.05.04"]
[Round "9.58"]
[White "Beckett, Chris J"]
[Black "Walker, Nicholas P"]
[Result "1/2-1/2"]
[WhiteElo "2106"]
[BlackElo "2165"]
[PlyCount "81"]
[EventDate "2013.03.23"]
[Source "J.Saunders"]
[SourceDate "1998.06.06"]

1. d4 Nf6 2. c4 c5 3. d5 e6 4. Nc3 exd5 5. cxd5 d6 6. e4 g6 7. f3 Bg7 8. Bg5 a6
9. a4 h6 10. Be3 O-O 11. Qd2 Kh7 12. Be2 Re8 13. g4 Nbd7 14. g5 hxg5 15. Bxg5
Qa5 16. Nh3 b5 17. O-O b4 18. Nd1 Nh5 19. Ne3 Bd4 20. Kh1 Ne5 21. Nf4 Nxf4 22.
Bxf4 Qd8 23. Nc4 Bh3 24. Rfc1 Nxc4 25. Rxc4 Qh4 26. Rxd4 Qf2 27. Rg1 cxd4 28.
Bxd6 Rad8 29. Bg3 Qe3 30. Qxe3 dxe3 31. Bxa6 f5 32. Bb5 fxe4 33. Bxe8 exf3 34.
Bxg6+ Kxg6 35. Bh4+ Bg2+ 36. Rxg2+ fxg2+ 37. Kxg2 Rxd5 38. Kf3 Rd2 39. Kxe3
Rxh2 40. Bf2 b3 41. a5 1/2-1/2

[Event "4NCL Division 3"]
[Site "Puma Hotel, Hinckley Island E"]
[Date "2013.05.04"]
[Round "9.60"]
[White "Robertson, J Stuart"]
[Black "Bowmer, Kevin"]
[Result "1-0"]
[WhiteElo "2049"]
[BlackElo "2031"]
[PlyCount "81"]
[EventDate "2013.03.23"]
[Source "J.Saunders"]
[SourceDate "1998.06.06"]

1. d4 Nf6 2. c4 g6 3. Nc3 Bg7 4. e4 d6 5. Be2 O-O 6. Bg5 Na6 7. Qd2 e5 8. d5
Qe8 9. h4 h5 10. f3 Nc5 11. Nh3 a6 12. Nf2 Bd7 13. b4 Na4 14. Be3 Nxc3 15. Qxc3
c6 16. dxc6 bxc6 17. Qd2 Qb8 18. Rd1 Re8 19. O-O Bf8 20. c5 d5 21. Bg5 Bg7 22.
Bxf6 Bxf6 23. exd5 cxd5 24. Qxd5 Be6 25. Qd2 Bxh4 26. Ne4 Be7 27. a3 Ra7 28.
Qc3 h4 29. Nd6 Rd8 30. Qxe5 Rad7 31. Rd4 Rxd6 32. cxd6 Bxd6 33. Qe4 h3 34. Kh1
Re8 35. Qc2 Be5 36. Rdd1 Bf6 37. Bxa6 Qg3 38. f4 Bf5 39. Bd3 Re3 40. Bxf5 hxg2+
41. Qxg2 1-0

[Event "4NCL Division 3"]
[Site "Puma Hotel, Hinckley Island E"]
[Date "2013.05.04"]
[Round "9.65"]
[White "Compton, Alistair"]
[Black "Hackner, Oskar A"]
[Result "0-1"]
[WhiteElo "2081"]
[BlackElo "2028"]
[PlyCount "54"]
[EventDate "2013.03.23"]
[Source "J.Saunders"]
[SourceDate "1998.06.06"]

1. e4 e6 2. d4 d5 3. Nc3 Nf6 4. Bg5 Be7 5. e5 Nfd7 6. Bxe7 Qxe7 7. Qh5 a6 8. f4
c5 9. dxc5 Nxc5 10. Nf3 Nc6 11. Rd1 b5 12. a3 Rb8 13. b4 Nd7 14. Ng5 h6 15. Bd3
Ndxe5 16. O-O Nxd3 17. Rxd3 O-O 18. Nf3 a5 19. bxa5 b4 20. Ne2 Ba6 21. Rd2 Qc5+
22. Kh1 bxa3 23. Ra1 a2 24. Rxa2 Bxe2 25. Rxe2 Rb1+ 26. Re1 Rxe1+ 27. Nxe1 Qc4
0-1

[Event "4NCL Division 3"]
[Site "Puma Hotel, Hinckley Island E"]
[Date "2013.05.04"]
[Round "9.66"]
[White "Jones, Steven A"]
[Black "Jones, Christopher M"]
[Result "1-0"]
[WhiteElo "2025"]
[BlackElo "2072"]
[PlyCount "135"]
[EventDate "2013.03.23"]
[Source "J.Saunders"]
[SourceDate "1998.06.06"]

1. e4 e5 2. Nf3 Nc6 3. Bb5 a6 4. Ba4 Nf6 5. O-O b5 6. Bb3 Be7 7. Re1 O-O 8. a4
b4 9. d4 d6 10. h3 Bb7 11. c3 bxc3 12. bxc3 Nd7 13. a5 Bf6 14. d5 Ne7 15. Ba3
Ng6 16. g3 Be7 17. Nbd2 f5 18. exf5 Rxf5 19. Bc2 Rf7 20. c4 Qf8 21. Rb1 Bc8 22.
Kg2 Nc5 23. Bxc5 dxc5 24. Be4 Bf5 25. Rb7 Qc8 26. Bxf5 Rxf5 27. Rb3 Qd7 28.
Rbe3 Raf8 29. Ne4 h6 30. Qb3 Bd6 31. Rc1 Ne7 32. Qb7 R5f7 33. g4 Ng6 34. Rcc3
Qa4 35. Qxa6 Qa1 36. Re1 Qa2 37. Kg3 Nf4 38. Nfd2 Rb8 39. Rf3 Rb2 40. Nxd6 cxd6
41. Ne4 Ne2+ 42. Rxe2 Rxf3+ 43. Kxf3 Rxe2 44. Qc8+ Kh7 45. Qf5+ Kh8 46. Qf8+
Kh7 47. Qf7 Kh8 48. g5 hxg5 49. Qf8+ Kh7 50. Qxd6 Rxe4 51. Kxe4 Qxa5 52. Qxe5
Qe1+ 53. Kf5 Qxf2+ 54. Ke6 Kg8 55. Kd7 Qg2 56. Qe6+ Kh7 57. Kc6 Qa2 58. d6 Qa8+
59. Kxc5 Qa5+ 60. Kc6 Qa6+ 61. Kc7 Qa7+ 62. Kd8 Qb6+ 63. Ke7 Qc5 64. Kf7 Qf2+
65. Ke8 g4 66. d7 g3 67. d8=Q g2 68. Qg5 1-0

[Event "4NCL Division 3"]
[Site "Puma Hotel, Hinckley Island E"]
[Date "2013.05.04"]
[Round "9.67"]
[White "Piper, Stephen J"]
[Black "Molofej, Denis"]
[Result "1/2-1/2"]
[WhiteElo "2047"]
[BlackElo "2035"]
[PlyCount "66"]
[EventDate "2013.03.23"]
[Source "J.Saunders"]
[SourceDate "1998.06.06"]

1. Nf3 Nf6 2. g3 d5 3. Bg2 g6 4. O-O Bg7 5. d4 O-O 6. c4 c6 7. Nc3 Bf5 8. Qb3
Qb6 9. Qxb6 axb6 10. cxd5 Nxd5 11. Nxd5 cxd5 12. Bd2 Nc6 13. Bc3 b5 14. a3 Be4
15. Rfd1 Ra4 16. b3 Ra6 17. b4 Rc8 18. Bb2 Nb8 19. Rdc1 Rac6 20. Rxc6 Rxc6 21.
Rc1 Nd7 22. Rxc6 bxc6 23. Ne5 Bxe5 24. dxe5 Nb6 25. f3 Bf5 26. f4 Nc4 27. Bc1
Be4 28. Bh3 e6 29. Bf1 Kf8 30. e3 Nb6 31. Bb2 Bc2 32. Bd4 Nc4 33. Bxc4 dxc4
1/2-1/2

[Event "4NCL Division 3"]
[Site "Puma Hotel, Hinckley Island E"]
[Date "2013.05.04"]
[Round "9.68"]
[White "Bak, Andrew"]
[Black "Jaszkiwskyj, Peter"]
[Result "1-0"]
[WhiteElo "2052"]
[BlackElo "1979"]
[PlyCount "45"]
[EventDate "2013.03.23"]
[Source "J.Saunders"]
[SourceDate "1998.06.06"]

1. e4 e5 2. Nf3 Nc6 3. Bc4 Nf6 4. Ng5 d5 5. exd5 Na5 6. Bb5+ c6 7. dxc6 bxc6 8.
Bd3 Be7 9. O-O h6 10. Ne4 O-O 11. Nxf6+ Bxf6 12. Nc3 Be6 13. Be4 Be7 14. d3 Qc7
15. g3 Rab8 16. f4 Rbd8 17. f5 Bd5 18. f6 Bxf6 19. Rxf6 gxf6 20. Qg4+ Kh8 21.
Qh4 Bxe4 22. Nxe4 Rd6 23. Bxh6 1-0

[Event "4NCL Division 3"]
[Site "Puma Hotel, Hinckley Island E"]
[Date "2013.05.04"]
[Round "9.70"]
[White "Nicholson, Jim WR"]
[Black "Conterno, Dominique"]
[Result "1-0"]
[WhiteElo "2005"]
[BlackElo "1866"]
[PlyCount "97"]
[EventDate "2013.03.23"]
[Source "J.Saunders"]
[SourceDate "1998.06.06"]

1. d4 Nf6 2. Nf3 g6 3. Bg5 Bg7 4. Nbd2 d5 5. e3 O-O 6. Bd3 c5 7. c3 cxd4 8.
cxd4 Qb6 9. Qb3 Qxb3 10. Nxb3 Nc6 11. Rc1 a5 12. a4 h6 13. Bh4 g5 14. Bg3 Ne4
15. Bc7 Bf5 16. Bb5 Rfc8 17. Bb6 Nd6 18. Be2 Nc4 19. Bxc4 dxc4 20. Nbd2 Bd3 21.
Nb1 e5 22. Nc3 exd4 23. Nxd4 Nxd4 24. Bxd4 Bxd4 25. exd4 Rd8 26. d5 Rd6 27. Kd2
Re8 28. Rce1 Kf8 29. Rxe8+ Kxe8 30. Re1+ Kd7 31. Ke3 Rf6 32. f3 b6 33. Rd1 Rg6
34. Rd2 f5 35. Kd4 Bf1 36. Rf2 Bd3 37. Rd2 Bf1 38. Rf2 Bd3 39. Rd2 Bf1 40. Ke5
f4 41. Ne4 Rg7 42. Nf6+ Kd8 43. d6 Rb7 44. Ke6 b5 45. axb5 Rxb5 46. Ng4 Rb3 47.
Rd5 Rxb2 48. Rxa5 Rb8 49. Ne5 1-0

[Event "4NCL Division 3"]
[Site "Puma Hotel, Hinckley Island E"]
[Date "2013.05.04"]
[Round "9.75"]
[White "Wallis, Ian J"]
[Black "Wallace, Paul A"]
[Result "1/2-1/2"]
[WhiteElo "2021"]
[BlackElo "2192"]
[PlyCount "37"]
[EventDate "2013.03.23"]
[Source "J.Saunders"]
[SourceDate "1998.06.06"]

1. e4 e5 2. Nf3 Nc6 3. Bb5 f5 4. Nc3 fxe4 5. Nxe4 Nf6 6. Nxf6+ Qxf6 7. Qe2 Be7
8. Bxc6 dxc6 9. Nxe5 O-O 10. O-O Bd6 11. d4 c5 12. c3 cxd4 13. cxd4 c5 14. Be3
Kh8 15. f4 Be6 16. dxc5 Bxe5 17. fxe5 Qxe5 18. Rxf8+ Rxf8 19. Qd2 1/2-1/2

[Event "4NCL Division 3"]
[Site "Puma Hotel, Hinckley Island E"]
[Date "2013.05.04"]
[Round "9.76"]
[White "Richardson, Alex"]
[Black "LeMoir, David A"]
[Result "1/2-1/2"]
[WhiteElo "2119"]
[BlackElo "2064"]
[PlyCount "22"]
[EventDate "2013.03.23"]
[Source "J.Saunders"]
[SourceDate "1998.06.06"]

1. Nf3 Nc6 2. d4 d5 3. g3 Bg4 4. Bg2 Qd7 5. c4 e6 6. Nc3 O-O-O 7. O-O dxc4 8.
Qa4 Bxf3 9. exf3 Nxd4 10. Qxa7 Qc6 11. f4 Qa6 1/2-1/2

[Event "4NCL Division 3"]
[Site "Puma Hotel, Hinckley Island E"]
[Date "2013.05.04"]
[Round "9.77"]
[White "Gray, Mark S"]
[Black "Armstrong, Malcolm J"]
[Result "1-0"]
[WhiteElo "2074"]
[BlackElo "2032"]
[PlyCount "151"]
[EventDate "2013.03.23"]
[Source "J.Saunders"]
[SourceDate "1998.06.06"]

1. e4 c6 2. d4 d5 3. exd5 cxd5 4. c4 Nf6 5. Nc3 Nc6 6. Bg5 Qa5 7. Bxf6 exf6 8.
cxd5 Bb4 9. Qd2 Bxc3 10. bxc3 Qxd5 11. Ne2 O-O 12. Nf4 Re8+ 13. Be2 Qd6 14. O-O
Bf5 15. Bd3 Bxd3 16. Nxd3 Na5 17. Rfe1 h6 18. Qb2 b6 19. Qb5 Qc6 20. Qxc6 Nxc6
21. Kf1 Na5 22. Rxe8+ Rxe8 23. Nb2 Rc8 24. Rc1 Nc4 25. Nxc4 Rxc4 26. Ke2 Kf8
27. Kd3 b5 28. Re1 a6 29. Re4 g6 30. f4 f5 31. Re5 Ra4 32. Re2 Rc4 33. g3 Ra4
34. d5 Rc4 35. Re5 Rc5 36. Kd4 Rc4+ 37. Kd3 Rc5 38. h4 h5 39. Kd4 Rc4+ 40. Kd3
Rc5 41. a3 f6 42. Re6 Rxd5+ 43. Kc2 a5 44. Rxf6+ Kg7 45. Ra6 a4 46. Rc6 Kf7 47.
c4 bxc4 48. Rxc4 Ra5 49. Kc3 Ra8 50. Kb4 Re8 51. Kxa4 Re3 52. Kb4 Rxg3 53. a4
Rg4 54. a5 Rxh4 55. a6 Rh1 56. Ka5 Rd1 57. a7 Rd8 58. Kb6 Ke6 59. Rc5 h4 60.
Kc7 Rd7+ 61. Kb8 Rxa7 62. Kxa7 h3 63. Rc3 Kd5 64. Rxh3 Ke4 65. Rh4 Kf3 66. Kb6
Kg3 67. Rh6 Kxf4 68. Rxg6 Ke3 69. Re6+ Kd4 70. Rf6 Ke4 71. Kc5 f4 72. Kc4 Ke3
73. Kc3 f3 74. Re6+ Kf2 75. Kd2 Kg2 76. Rf6 1-0

[Event "4NCL Division 3"]
[Site "Puma Hotel, Hinckley Island E"]
[Date "2013.05.04"]
[Round "9.78"]
[White "Acey, Gerald"]
[Black "Gregory, Stephen J"]
[Result "1/2-1/2"]
[WhiteElo "2106"]
[BlackElo "2052"]
[PlyCount "92"]
[EventDate "2013.03.23"]
[Source "J.Saunders"]
[SourceDate "1998.06.06"]

1. d4 Nf6 2. c4 Nc6 3. Nf3 d6 4. g3 e5 5. dxe5 Nxe5 6. Nxe5 dxe5 7. Qxd8+ Kxd8
8. Bg2 c6 9. O-O Be6 10. b3 Bc5 11. Bb2 Nd7 12. Nd2 Kc7 13. Bc3 a5 14. Rad1 f6
15. Kh1 h5 16. Ne4 Be7 17. f4 h4 18. f5 Bf7 19. g4 h3 20. Bf3 a4 21. Rd2 axb3
22. axb3 Ra3 23. Rfd1 Nb8 24. Rd3 b6 25. Bb2 Ra2 26. R3d2 Kc8 27. Nc3 Ra7 28.
Rd3 g6 29. Be4 g5 30. Na4 Rxa4 31. bxa4 Bxc4 32. Rg3 Bxe2 33. Re1 Ba6 34. Ba3
Bxa3 35. Rxa3 Kc7 36. Kg1 Nd7 37. a5 bxa5 38. Rxa5 Bb5 39. Ra7+ Kc8 40. Rc1 Nb8
41. Rf7 Rh4 42. Bf3 e4 43. Re1 Nd7 44. Rxe4 Ne5 45. Rf8+ Kd7 46. Kf2 Ke7
1/2-1/2

[Event "4NCL Division 3"]
[Site "Puma Hotel, Hinckley Island E"]
[Date "2013.05.04"]
[Round "9.80"]
[White "Edwards, Simon R"]
[Black "Lunn, Timothy"]
[Result "1-0"]
[WhiteElo "1971"]
[BlackElo "2059"]
[PlyCount "133"]
[EventDate "2013.03.23"]
[Source "J.Saunders"]
[SourceDate "1998.06.06"]

1. e4 c5 2. Nc3 Nc6 3. f4 g6 4. Nf3 Bg7 5. Bb5 Nd4 6. O-O Nxb5 7. Nxb5 d6 8.
Rb1 Nf6 9. d3 a6 10. Nc3 O-O 11. Qe1 b5 12. Qh4 e6 13. f5 Nd7 14. fxe6 fxe6 15.
Bg5 Bf6 16. Bxf6 Nxf6 17. Ng5 Ra7 18. Rf2 Rg7 19. Rbf1 h5 20. e5 dxe5 21. Nce4
Nh7 22. Nxh7 Qxh4 23. Rxf8+ Kxh7 24. Nf6+ Kh6 25. Rh8+ Kg5 26. Ne4+ Qxe4 27.
dxe4 Bb7 28. Re8 Bxe4 29. Rxe6 Bxc2 30. Rxe5+ Kh6 31. Rxc5 Bd3 32. Rd1 Be2 33.
Rd2 Bg4 34. h3 Be6 35. a3 Bc4 36. Rd6 a5 37. Rcc6 a4 38. Kf2 Kg5 39. h4+ Kxh4
40. Rxg6 Rf7+ 41. Rcf6 Rxf6+ 42. Rxf6 Kg5 43. Rf8 Kg4 44. g3 Kg5 45. Rf4 Bd3
46. Kf3 Bc4 47. Rd4 Be6 48. Rd6 Bc4 49. Ke4 Be2 50. Ke5 Kg4 51. Rg6+ Kf3 52.
Rg5 Ke3 53. Kd6 Kf2 54. Kc6 Kg2 55. Kc5 Kf2 56. Re5 Bg4 57. Kxb5 Bd7+ 58. Kb4
Bg4 59. Kxa4 Kxg3 60. Rxh5 Bxh5 61. b4 Kf4 62. Kb5 Ke5 63. Kc5 Ke6 64. b5 Kd7
65. Kb6 Kc8 66. Ka7 Bf3 67. b6 1-0

[Event "4NCL Division 3"]
[Site "Puma Hotel, Hinckley Island E"]
[Date "2013.05.04"]
[Round "9.85"]
[White "Mordue, A Tyson"]
[Black "Milson, Samuel A"]
[Result "1-0"]
[WhiteElo "2256"]
[BlackElo "1996"]
[PlyCount "71"]
[EventDate "2013.03.23"]
[Source "J.Saunders"]
[SourceDate "1998.06.06"]

1. e4 e5 2. Nf3 Nc6 3. Bb5 a6 4. Ba4 Nf6 5. O-O Be7 6. Re1 b5 7. Bb3 O-O 8. d4
d6 9. c3 Bg4 10. Be3 Na5 11. Bc2 Re8 12. Nbd2 Bf8 13. b3 exd4 14. cxd4 c5 15.
dxc5 dxc5 16. Qb1 Nc6 17. Bg5 Bxf3 18. Nxf3 h6 19. Bh4 Ne5 20. Nxe5 Rxe5 21. f4
Rh5 22. Bg3 c4 23. Qd1 Rc5 24. Qe2 Rcc8 25. e5 Bc5+ 26. Kh1 Nd7 27. Rad1 Qe7
28. Qg4 Nf8 29. f5 f6 30. exf6 Qxf6 31. Bh4 Qf7 32. Be4 Kh8 33. Bd5 Qa7 34. f6
c3 35. fxg7+ Qxg7 36. Bf6 1-0

[Event "4NCL Division 3"]
[Site "Puma Hotel, Hinckley Island E"]
[Date "2013.05.04"]
[Round "9.86"]
[White "Robinson, John K"]
[Black "Richmond, Peter A"]
[Result "1/2-1/2"]
[WhiteElo "1995"]
[BlackElo "2237"]
[PlyCount "31"]
[EventDate "2013.03.23"]
[Source "J.Saunders"]
[SourceDate "1998.06.06"]

1. d4 d5 2. Nf3 Nc6 3. Bf4 Bg4 4. e3 e6 5. Be2 Bd6 6. Bg3 f5 7. Nbd2 Nf6 8. c3
O-O 9. Ng5 Bxe2 10. Qxe2 Qd7 11. Rd1 h6 12. Ngf3 Ne4 13. Bxd6 cxd6 14. O-O Rac8
15. Nxe4 fxe4 16. Nd2 1/2-1/2

[Event "4NCL Division 3"]
[Site "Puma Hotel, Hinckley Island E"]
[Date "2013.05.04"]
[Round "9.87"]
[White "Truran, Michael C"]
[Black "Arkell, Nick"]
[Result "1-0"]
[WhiteElo "2183"]
[BlackElo "1909"]
[PlyCount "93"]
[EventDate "2013.03.23"]
[Source "J.Saunders"]
[SourceDate "1998.06.06"]

1. d4 Nf6 2. c4 g6 3. Nc3 Bg7 4. Nf3 d6 5. Bf4 Nh5 6. Bg5 h6 7. Bh4 g5 8. Bg3
Bf5 9. e3 Nxg3 10. hxg3 Nc6 11. d5 Ne5 12. Nd4 Bg6 13. f4 c5 14. Nb3 Nd7 15.
Bd3 Nf8 16. Bxg6 Nxg6 17. Qe2 Qd7 18. O-O-O O-O-O 19. Rhf1 Rdf8 20. e4 h5 21.
e5 Qg4 22. Qxg4+ hxg4 23. exd6 exd6 24. Ne4 Kd7 25. Nxg5 Rh2 26. Rf2 Ne7 27.
Re1 Nf5 28. Rfe2 Bf6 29. Ne4 Bd8 30. Kd1 Rfh8 31. Rg1 a6 32. a4 Re8 33. Ke1
Rhh8 34. Kf2 b5 35. axb5 axb5 36. Rge1 b4 37. Ra1 Be7 38. Ra7+ Kc8 39. Re1 Rhf8
40. Rxe7 Rxe7 41. Nxd6+ Nxd6 42. Rxe7 Nxc4 43. Nxc5 Nxb2 44. d6 Rd8 45. Rc7+
Kb8 46. Na6+ Ka8 47. d7 1-0